| 000 | 01144nam a22002651i 4500 | ||
|---|---|---|---|
| 003 | SA-RiAUC | ||
| 005 | 20250102094418.0 | ||
| 008 | 241216s1976 ii g 000 0cara c | ||
| 040 |
_aSA-JeALM _bara _cSA-RiAUC _erda |
||
| 050 | 1 | 4 | _b.S55 |
| 082 | 0 | 4 | _a922.1 |
| 090 |
_a922.1 _b س ن د |
||
| 100 | 1 |
_aالسندي، عبيد الله _eمؤلف. |
|
| 245 | 1 | 2 |
_aالتمهيد لتعريف أئمة التجديد / _cتأليف عبيد الله السندي ؛ حققه وخرج نصوصه وعلق عليه أبو سعيد غلام مصطفى القاسمي السندي. |
| 264 | 1 |
_aحيدر آباد، الهند : _bلجنة إحياء الأدب السندي، _c1976 |
|
| 300 | _a387 صفحة | ||
| 336 |
_aنص _btxt _2rdacontent _3كتاب |
||
| 337 |
_aبدون وسيط _bn _2rdamedia |
||
| 338 |
_aمجلد _bnc _2rdacarrier |
||
| 500 | _aملاحظة من الشيخ رحمه الله في بداية الكتاب | ||
| 650 | 7 |
_aالمسلمون _vتراجم _2aucsh |
|
| 700 | 1 |
_aالسندي، مصطفى القاسمي، _d1916-2003 _eمحقق. |
|
| 942 |
_2ddc _cBOOK _n0 |
||
| 949 |
_aSA-JeALM _d241216 _uosman123 _n1 |
||
| 999 |
_c4363 _d4363 |
||